| 000 | 00687cam a2200241 4500500 | ||
|---|---|---|---|
| 005 | 20260329001432.0 | ||
| 041 | _afre | ||
| 042 | _adc | ||
| 100 | 1 | 0 |
_aMacé, Marielle _eauthor |
| 245 | 0 | 0 | _aLe scepticisme bien tempéré |
| 260 | _c2007. | ||
| 500 | _a88 | ||
| 690 | _aAndré Comte-Sponville | ||
| 690 | _aBonheur | ||
| 690 | _aHumanisme | ||
| 690 | _aMarcel Conche | ||
| 690 | _aMarielle Macé | ||
| 690 | _aMontaigne | ||
| 690 | _aScepticisme | ||
| 690 | _atolérance | ||
| 786 | 0 | _nPhilosophie magazine | 9 | 5 | 2007-05-01 | p. 17-18 | 1951-1787 | |
| 856 | 4 | 1 | _uhttps://shs.cairn.info/magazine-philosophie-magazine-2007-5-page-17?lang=fr&redirect-ssocas=7080 |
| 999 |
_c1805373 _d1805373 |
||